00926nam a22002417a 45000010005000000030006000050050017000110080041000280200018000690400029000870500009001160820010001251000020001352450054001552600038002093000058002474900050003055050007003555200235003625210029005975210018006266500040006447155FISKH20250630110031.0250630b cb ||||| |||| 00| 0 eng d a9780545065788 aFISKHbengcFISKHdFISKH aPZ7  a428.6 aLee, Guinlan B. aThe magic school bus takes a nap /cBy Quinlan B. aNew York : bScholastic, c2008.  a16 unnumbered pages : bcolor illustrations ; c20 cm aPhonics reading program : vBook 1, short a . aE  aThe Magic School Bus can transform into any shape to take Ms. Frizzle and her class on amazing field trips!. Climb aboard the Magic School Bus to learn about animals that nap all winter, and to read words with the short "a" sound.8 a290 bLexile estimate 8 aE bRaz-Plus  aMissing vNon-fictionxShort vowels